00456cam a2200169ua 45000010005000000080039000050200015000440400009000590410008000680820008000761000029000842450077001132500014001902600044002043000010002486530028002587113141126n ii |||gr||||Z||||||eng a8174570977 cMAIN aeng a150 aAsthana, Bipin,eAuthor.1 aMeasurement and evaluation in psychology and educationcBy Bipin Asthana a12th rev. aAgra:bShri vinod pustak mandir,c2012. a212p. aPsychological education